[Event "Cto de Aragon  Equipos Cat Preferente"]
[Site "Aragon"]
[Date "2010.02.13"]
[Round "4.57"]
[White "Laliena Solares Luis M"]
[Black "Martinez Asensio Juan Miguel"]
[Result "0-1"]
[WhiteElo "2234"]
[BlackElo "2140"]

1.d4 Nf6 2.Bg5 Ne4 3.Bf4 c5 4.f3 Nf6 5.dxc5 b6 6.e4 bxc5 7.Nc3 Nc6 8.Bc4 g6 9.
Nb5 d6 10.e5 dxe5 11.Qxd8+ Kxd8 12.O-O-O+ Bd7 13.Bg5 Rb8 14.Nd6 exd6 15.Bxf6+
Kc7 16.Bxh8 Bh6+ 17.Kb1 Rxh8 18.Bxf7 Nd4 19.Bd5 Bf5 20.Be4 Be6 21.h4 Nf5 22.
Nh3 Nxh4 23.Nf2 Bg5 24.Rd3 c4 25.Ra3 d5 26.g3 Ng2 27.Bxg6 Be3 28.Ng4 Bxg4 29.
fxg4 e4 30.Rh2 Bc5 31.Ra5 Kb6 32.Rxc5 Kxc5 33.Bxh7 e3 34.Rxg2 Rxh7 35.c3 d4
36.cxd4+ Kxd4 37.Kc2 Rf7 38.Re2 Rf2 39.Kd1 Kd3 0-1

[Event "Cto de Aragon  Equipos Cat Preferente"]
[Site "Aragon"]
[Date "2010.02.13"]
[Round "4.58"]
[White "Martin Catalan Juan Vicente"]
[Black "Cobo Garrido Diego Israel"]
[Result "0-1"]
[WhiteElo "2107"]
[BlackElo "2014"]

1.d4 d5 2.Nf3 Nf6 3.c4 c6 4.Nc3 dxc4 5.a4 Bf5 6.e3 e6 7.Bxc4 Bb4 8.O-O O-O 9.
Qb3 Qe7 10.Ne5 Rd8 11.Rd1 Nbd7 12.Nxd7 Rxd7 13.Bd2 Rad8 14.Be1 Bd6 15.Be2 e5
16.dxe5 Qxe5 17.g3 Bg4 18.Rd4 Qh5 19.Qd1 Bxe2 20.Nxe2 Ng4 21.h4 Ne5 22.Nc3 Qf5
23.Kg2 Be7 24.Rxd7 Rxd7 25.Qe2 Bf6 26.e4 Qe6 27.f4 Nd3 28.e5 Bxh4 29.Rd1 Nxe1+
30.Qxe1 Be7 31.Qe2 Kf8 32.Kf3 Ke8 33.Rd3 Qc4 34.Rxd7 Qxe2+ 35.Nxe2 Kxd7 36.Ke4
f6 37.exf6 Bxf6 38.b3 Ke6 39.Nc1 b6 40.Nd3 a5 41.g4 h6 42.f5+ Kd6 43.Nf4 Kc5
44.Kd3 Kb4 45.Kc2 b5 46.axb5 cxb5 47.Nd3+ Ka3 48.Nc5 a4 49.bxa4 bxa4 50.Nd3
Bd4 51.Nc1 Kb4 52.Kd3 Bf6 53.Na2+ Kb3 54.Nc1+ Kb2 0-1

[Event "Cto de Aragon  Equipos Cat Preferente"]
[Site "Aragon"]
[Date "2010.02.13"]
[Round "4.59"]
[White "Vasilev Vas"]
[Black "Gil Pineiro David"]
[Result "0-1"]
[WhiteElo "1933"]
[BlackElo "1937"]

1.d4 Nf6 2.Nf3 g6 3.c4 c5 4.d5 b5 5.a4 bxc4 6.Nc3 Bg7 7.e4 d6 8.Bxc4 O-O 9.h3
Na6 10.O-O Nd7 11.Bf4 Nb4 12.Re1 Rb8 13.Qd2 Nb6 14.Bf1 Ba6 15.Bxa6 Nxa6 16.Qe2
Nb4 17.a5 Nd7 18.Qd2 Qc7 19.h4 c4 20.Be3 Nc5 21.Nd4 Bxd4 22.Qxd4 Nb3 23.Qxa7
Rb7 24.Qb6 Rxb6 25.axb6 Qb8 26.Ra7 Nc2 27.Re2 Nxe3 28.Rxe3 Qxb6 29.Rxe7 Nd4
30.Na4 Qb4 31.Nc3 Qxb2 32.g4 Nb5 0-1

[Event "Cto de Aragon  Equipos Cat Preferente"]
[Site "Aragon"]
[Date "2010.02.13"]
[Round "4.60"]
[White "Pache Marconell Juan Manuel"]
[Black "Gimeno Diaz Fernando"]
[Result "1/2-1/2"]
[WhiteElo "1550"]
[BlackElo "1896"]

1.e4 c5 2.Nf3 d6 3.d4 cxd4 4.Nxd4 Nf6 5.Nc3 a6 6.Be3 e6 7.f3 Be7 8.Qd2 O-O 9.
g4 Nc6 10.O-O-O Nxd4 11.Qxd4 b5 12.Kb1 Qa5 13.e5 dxe5 (13...b4 14.exf6 (14.
exd6 Bxd6 15.Qxd6 bxc3 16.bxc3 Nd5 17.Bd4 Rd8 18.Qe5 Nxc3+ 19.Bxc3 Rxd1+ 20.
Kb2 Qxe5 21.Bxe5 Bb7) (14.Ne4 dxe5 15.Nxf6+ Bxf6 16.Qc5 Qxc5 17.Bxc5 Bb7 18.
Bxf8 Bxf3 19.Be2 Bxe2 20.Rd2 Bxg4 21.Bxb4 e4) 14...Bxf6 15.Qe4 Rb8 16.Bd3 g6
17.Ne2 Bb7 18.Qf4 Be5 19.Qg5 Bd5 20.b3 Bxf3 21.Rhf1 Rb5 22.Bxb5 (22.Rxf3 Qxa2+
23.Kxa2 (23.Kc1) 23...Ra5+) 22...axb5 23.Rxf3 Qxa2+ 24.Kxa2 (24.Kc1 Bc3 25.
Nxc3 bxc3 26.Qxg6+ hxg6 27.Rxf7 Qa1#) 24...Ra8+ 25.Ba7 Rxa7+ 26.Kb1 Ra1#) 14.
Qxe5 Bb7 15.Be2 Nd5 16.Nxd5 Bxd5 17.Rxd5 Bf6 18.Qf4 exd5 19.g5 Be7 20.Bd3 Qb4
21.Bd4 Bxg5 $2 22.Qf5 $2 (22.Qe5 f6 (22...Bf6 23.Qxf6 gxf6 24.Rg1+ Kh8 25.
Bxf6#) 23.Qxd5+ Kh8 24.Qe4 g6 25.Bxf6+ Bxf6 26.Qxb4) 22...g6 23.Qe5 f6 24.
Qxd5+ Kh8 25.c3 $2 (25.Bc5 Qf4 26.Bxf8 Rxf8 27.Qc6 f5 28.Qxa6 Qxf3 29.Rf1 Qg2
30.Qd6 Rd8 31.Qe5+ Kg8 32.Rd1) 25...Rad8 26.Qxg5 $2 (26.Qxd8 Rxd8 27.cxb4 Rxd4
28.Kc2 Rxb4) 26...Rxd4 $2 (26...Qxd4 27.cxd4 fxg5 28.Be4 Rxd4 29.Rg1 Rfd8 30.
Rxg5 Rd1+ 31.Kc2 R1d2+ 32.Kc3 Rxh2) 27.Qe3 Rxd3 28.Qxd3 Qf4 29.h4 Re8 30.Qd7
Re2 $2 (30...Rg8 31.Qc6 Qf5+ 32.Ka1 a5) 31.Rd1 Qxf3 32.Ka1 Qf2 $2 (32...Qe4
33.Qf7 Qe7 34.Qxe7 Rxe7 35.Kb1 Re6) 33.Qf7 1/2-1/2

[Event "Cto de Aragon  Equipos Cat Preferente"]
[Site "Aragon"]
[Date "2010.02.13"]
[Round "4.62"]
[White "Garcia Lopez Alberto Jose"]
[Black "Azaiez F"]
[Result "1/2-1/2"]
[WhiteElo "1971"]
[BlackElo "2014"]

1.Nf3 Nf6 2.g3 d5 3.Bg2 c6 4.d3 Bg4 5.O-O Nbd7 6.c4 Bxf3 7.exf3 e6 8.Nc3 Be7
9.b3 O-O 10.f4 dxc4 11.dxc4 Qc7 12.Bb2 Rfd8 13.Qe2 Nc5 14.Rad1 Rxd1 15.Rxd1
Rd8 16.b4 Rxd1+ 17.Qxd1 Qb6 18.b5 cxb5 19.cxb5 Ne8 20.Qe2 Nd6 21.Nd5 Qd8 22.
Nxe7+ Qxe7 23.Qe5 Ne8 24.Ba3 b6 25.Qb8 f6 26.Bc6 Kf7 27.Bxc5 bxc5 28.Bxe8+
Qxe8 29.Qxa7+ Kg6 30.Qxc5 Qd7 31.Qc6 Qd1+ 32.Kg2 Qa4 33.h4 h5 34.Qe8+ Kh6 35.
Qh8+ Kg6 36.Qe8+ Kh6 1/2-1/2

[Event "Cto de Aragon  Equipos Cat Preferente"]
[Site "Aragon"]
[Date "2010.02.13"]
[Round "4.63"]
[White "Garcia Bueno Juan Pablo"]
[Black "Minguez Guinda Andres"]
[Result "0-1"]
[WhiteElo "1855"]
[BlackElo "1896"]

1.e4 c5 2.Nc3 Nc6 3.g3 g6 4.Bg2 Bg7 5.f4 d6 6.d3 e6 7.Nf3 Nge7 8.O-O O-O 9.Be3
Nd4 10.e5 Nec6 11.exd6 Qxd6 12.Ne4 Qe7 13.c3 f5 14.Ned2 Nxf3+ 15.Bxf3 Bd7 16.
Nb3 b6 17.Re1 Rad8 18.Qe2 Qf7 19.Rad1 Rfe8 20.Qg2 Rc8 21.d4 cxd4 22.Nxd4 Bxd4
23.Bxd4 Nxd4 24.Rxd4 Kf8 25.Red1 Re7 26.Qd2 Be8 27.Rd6 Rcc7 28.Kf2 h5 29.Qd4
Qg7 30.Qxg7+ Kxg7 31.Re1 Kf6 32.Bd5 Bf7 33.Bb3 Rcd7 34.Red1 Rxd6 35.Rxd6 Be8
36.Ke3 b5 37.Kd4 Rd7 38.Rxd7 Bxd7 39.Bd1 Be8 40.Bf3 Bd7 41.Kc5 e5 42.fxe5+
Kxe5 43.Bc6 Bxc6 44.Kxc6 g5 45.Kxb5 f4 46.Kc4 Ke4 47.gxf4 gxf4 0-1

[Event "Cto de Aragon  Equipos Cat Preferente"]
[Site "Aragon"]
[Date "2010.02.13"]
[Round "4.64"]
[White "Buil Montanes Carlos"]
[Black "Garcia Valer Jesus V"]
[Result "1/2-1/2"]
[WhiteElo "1895"]
[BlackElo "1828"]

1.d4 d5 2.Nf3 Nf6 3.c4 e6 4.Nc3 Be7 5.Bg5 O-O 6.e3 h6 7.Bh4 Ne4 8.Bxe7 Qxe7 9.
Nxe4 dxe4 10.Nd2 f5 11.Be2 b6 12.O-O Bb7 13.Qc2 Nd7 14.Rfd1 c5 15.Nb3 Rad8 16.
dxc5 Nxc5 17.Rxd8 Rxd8 18.Nxc5 Qxc5 19.Rd1 Rd6 20.Rxd6 Qxd6 21.Qd1 Qc7 22.h3
Kf7 23.Qd2 Ke7 24.Qb4+ Qd6 25.Qxd6+ Kxd6 26.b4 a5 27.a3 axb4 28.axb4 e5 29.Bd1
g5 30.g3 Bc8 31.Ba4 f4 32.h4 Bh3 33.hxg5 hxg5 34.Be8 Be6 35.Bb5 Bh3 1/2-1/2

[Event "Cto de Aragon  Equipos Cat Preferente"]
[Site "Aragon"]
[Date "2010.02.20"]
[Round "5.1"]
[White "Adla Diego Gustavo"]
[Black "Llorente Zaro Alfonso"]
[Result "1/2-1/2"]
[WhiteElo "2506"]
[BlackElo "2401"]

1.c4 Nf6 2.g3 c6 3.Nf3 d5 4.Qc2 g6 5.Bg2 Bg7 6.O-O O-O 7.b3 Bg4 8.Bb2 Nbd7 9.
h3 Bxf3 10.Bxf3 e5 11.d3 Re8 12.e4 dxe4 13.dxe4 Nc5 14.Rd1 Qb6 15.Nc3 Ne6 16.
Ne2 Rad8 17.Rxd8 Rxd8 18.Kg2 Nd7 19.Bg4 Nd4 20.Nxd4 exd4 21.Bxd7 Rxd7 22.Qd3
c5 23.Bc1 Re7 24.Bd2 Qa6 25.a4 Qc6 26.f3 Qe8 27.Kf2 f5 28.exf5 Re3 29.Qf1 Rxb3
30.Rb1 Qxa4 31.Qe2 Rxb1 32.Qe6+ Kf8 33.Qd6+ Ke8 34.Qe6+ Kf8 35.Qd6+ 1/2-1/2

[Event "Cto de Aragon  Equipos Cat Preferente"]
[Site "Aragon"]
[Date "2010.02.20"]
[Round "5.2"]
[White "Remiro Juste Fernando Jose"]
[Black "Glavina Rossi Pablo"]
[Result "0-1"]
[WhiteElo "2306"]
[BlackElo "2478"]

1.d4 Nf6 2.Nf3 d5 3.e3 g6 4.Bd3 Bg7 5.Nbd2 O-O 6.O-O c5 7.c3 Nbd7 8.Qe2 Qc7 9.
e4 cxd4 10.cxd4 dxe4 11.Nxe4 Nxe4 12.Qxe4 Nf6 13.Qh4 Bg4 14.Ne5 Be6 15.f4 Qd6
16.f5 Nd7 17.fxe6 Nxe5 18.dxe5 Qxd3 19.Bh6 Bxh6 20.Qxh6 fxe6 21.Qg5 Rxf1+ 22.
Rxf1 Rf8 23.Rxf8+ Kxf8 24.h4 Qb1+ 25.Kh2 Qxb2 26.h5 Qc2 27.hxg6 Qxg6 28.Qf4+
Qf5 29.Qd4 b6 30.a4 Kf7 31.Kg1 h5 32.Kh2 Qg4 33.Qf2+ Ke8 34.a5 bxa5 35.Qc5 Qb4
0-1

[Event "Cto de Aragon  Equipos Cat Preferente"]
[Site "Aragon"]
[Date "2010.02.20"]
[Round "5.3"]
[White "Lopez Gracia Fernando"]
[Black "Mimbela Lopez Miguel Angel"]
[Result "1-0"]
[WhiteElo "2303"]
[BlackElo "2216"]

1.e4 e5 2.Nf3 Nf6 3.Nxe5 d6 4.Nf3 Nxe4 5.d4 d5 6.Bd3 Bd6 7.O-O Bg4 8.h3 Bh5 9.
c4 c6 10.Re1 O-O 11.Bxe4 dxe4 12.Rxe4 Nd7 13.Nc3 Nf6 14.Re1 Bc7 15.Bg5 h6 16.
Bxf6 Qxf6 17.Ne4 Qf4 18.Ned2 Rad8 19.Qb3 Rxd4 20.g3 Qf6 21.Nxd4 Qxd4 22.Nf3
Qc5 23.Kg2 Bb6 24.Re2 Kh7 25.Qc3 a5 26.b3 Re8 27.Rae1 Re6 28.Qc2+ Bg6 29.Qb2
Rf6 30.Qe5 Qb4 31.Qb2 Bc7 32.Re8 Qd6 33.Qd4 Qxd4 34.Nxd4 Bb6 35.Nf3 Bc5 36.Rb8
b6 37.g4 Rf4 38.Kg3 Bd6 39.Rd8 Rd4+ 40.Kg2 Rd3 41.Ree8 1-0

[Event "Cto de Aragon  Equipos Cat Preferente"]
[Site "Aragon"]
[Date "2010.02.20"]
[Round "5.4"]
[White "Valiente Gimenez Jose Luis"]
[Black "Moreno Gracia Daniel"]
[Result "1/2-1/2"]
[WhiteElo "2128"]
[BlackElo "2246"]

1.e4 c5 2.Nf3 e6 3.d4 cxd4 4.Nxd4 Nc6 5.Nc3 Qc7 6.Be2 a6 7.O-O b5 8.Nxc6 dxc6
9.f4 Bb7 10.Be3 Be7 11.f5 e5 12.Qe1 Nf6 13.Bf3 b4 14.Na4 c5 15.Bg5 Bc6 16.b3
Bxa4 17.bxa4 c4 18.Rd1 O-O 19.Bxf6 gxf6 20.Qh4 Rad8 21.Bh5 Rxd1 22.Rxd1 Rd8
23.Bxf7+ Kxf7 24.Qxh7+ Kf8 25.Qh8+ 1/2-1/2

[Event "Cto de Aragon  Equipos Cat Preferente"]
[Site "Aragon"]
[Date "2010.02.20"]
[Round "5.5"]
[White "Gomez Anadon Daniel"]
[Black "Garza Marco Sergio"]
[Result "0-1"]
[WhiteElo "2256"]
[BlackElo "2418"]

1.c4 b6 2.Nf3 Bb7 3.d4 e6 4.e3 f5 5.Bd3 Nf6 6.O-O Bd6 7.Nc3 O-O 8.Qe2 Ne4 9.
Ne1 c5 10.Nb5 Be7 11.f3 Nf6 12.Nc2 Nc6 13.d5 exd5 14.cxd5 Nxd5 15.Bc4 Ne5 16.
e4 Nxc4 17.Qxc4 a6 18.Nba3 b5 19.Qb3 fxe4 20.fxe4 c4 21.Nxc4 bxc4 0-1

[Event "Cto de Aragon  Equipos Cat Preferente"]
[Site "Aragon"]
[Date "2010.02.20"]
[Round "5.6"]
[White "Fontana Sotomayour Luis Javier"]
[Black "Gimenez Martinez Alberto"]
[Result "0-1"]
[WhiteElo "2353"]
[BlackElo "2088"]

1.Nc3 c5 2.e4 d6 3.g3 g6 4.Bg2 Bg7 5.d3 Nc6 6.f4 e6 7.Nf3 Nge7 8.O-O O-O 9.Be3
b6 10.Bf2 Ba6 11.g4 f5 12.gxf5 exf5 13.Ng5 Qd7 14.exf5 Rxf5 15.Qe2 Re8 16.Qe6+
Qxe6 17.Nxe6 Bc8 18.Nxg7 Kxg7 19.Rae1 Rff8 20.Bh4 Bd7 21.Ne4 Nf5 22.Bf2 Nb4
23.Rc1 Bc6 24.a3 Nd5 25.Nd2 Ba8 26.Rfe1 Nxf4 27.Bxa8 Ne2+ 28.Rxe2 Rxe2 0-1

[Event "Cto de Aragon  Equipos Cat Preferente"]
[Site "Aragon"]
[Date "2010.02.20"]
[Round "5.7"]
[White "Quintin Navarro Alberto"]
[Black "Ramiro Ovejero Juan Luis"]
[Result "1-0"]
[WhiteElo "2047"]
[BlackElo "2346"]

1.Nf3 d5 2.c4 d4 3.g3 Nc6 4.Bg2 e5 5.d3 Nf6 6.O-O a5 7.e4 Nd7 8.Na3 Be7 9.Nb5
O-O 10.Ne1 Nb4 11.f4 c6 12.Na3 Nc5 13.Nac2 Nxc2 14.Qxc2 b5 15.f5 bxc4 16.Qxc4
Ba6 17.Qc2 Qb6 18.Rf2 Rfb8 19.Bf1 Qb5 20.Qe2 f6 21.g4 Qa4 22.g5 fxg5 23.Qh5
Nb3 24.Bh3 Nxc1 25.f6 g6 26.Qxg5 Bf8 27.Qxe5 Kh8 28.Rxc1 Qb5 29.Qxb5 Bxb5 30.
e5 Bh6 31.Rcc2 Be3 32.e6 Rf8 33.Kg2 Bxf2 34.Rxf2 Rae8 35.e7 Rf7 36.Kf1 c5 37.
Be6 Rxf6 38.Rxf6 Rxe7 39.Bc4 Bxc4 40.dxc4 Kg7 41.Rf3 Re5 42.Ra3 Rh5 43.h3 a4
44.Kg2 Re5 45.Nd3 Re2+ 46.Kf1 Rd2 47.Nxc5 Rxb2 48.Rxa4 Kf6 49.Nb3 Ke5 50.c5 d3
51.Ke1 Rc2 52.Rd4 Rxa2 53.Rxd3 Ke4 54.Rc3 Ra7 55.c6 Rc7 56.Nc5+ Kd5 57.Na6 Rc8
58.c7 h6 59.Rd3+ 1-0

[Event "Cto de Aragon  Equipos Cat Preferente"]
[Site "Aragon"]
[Date "2010.02.20"]
[Round "5.8"]
[White "Antoli Royo Joaquin Miguel"]
[Black "Arregui Untoria Carlos"]
[Result "1-0"]
[WhiteElo "2334"]
[BlackElo "2039"]

1.e4 c5 2.Nc3 d6 3.f4 Nc6 4.Bc4 Nf6 5.d3 a6 6.a4 e6 7.Nf3 d5 8.Ba2 dxe4 9.dxe4
Qxd1+ 10.Kxd1 Nd4 11.Be3 Nxf3 12.gxf3 b6 13.Ke2 Bb7 14.Rad1 Rd8 15.f5 Rxd1 16.
Rxd1 exf5 17.e5 Nd7 18.Bxf7+ Ke7 19.e6 Nf6 20.Bg5 Bc6 21.Nd5+ 1-0

[Event "Cto de Aragon  Equipos Cat Preferente"]
[Site "Aragon"]
[Date "2010.02.20"]
[Round "5.9"]
[White "Carruez Berges Fernando"]
[Black "Baron Rodriguez Jesus"]
[Result "0-1"]
[WhiteElo "2165"]
[BlackElo "2436"]

1.e4 e5 2.Nf3 Nc6 3.Nc3 Nf6 4.Bb5 Bb4 5.O-O $1 O-O $1 6.d3 d6 7.h3 Ne7 8.Ne2
Ng6 9.c3 Ba5 10.Ng3 c6 11.Ba4 d5 12.Bg5 h6 13.Be3 Be6 14.Bb3 Re8 15.Qc1 Bc7
16.Re1 Qd7 17.Bc2 Bxh3 18.gxh3 Qxh3 19.Qd1 Nf4 20.Bxf4 exf4 21.Nf1 dxe4 22.
dxe4 Ng4 23.N3h2 f3 24.Nxf3 Rad8 25.Qe2 Re6 26.e5 Nxe5 27.Nxe5 Rxe5 28.Qxe5
Bxe5 29.Rxe5 g6 30.Rae1 Qg4+ 31.Kh2 Rd6 32.R1e2 Rf6 33.Ng3 h5 34.R5e4 Qg5 35.
R4e3 Rxf2+ 36.Rxf2 Qxe3 37.Kg2 h4 38.Ne4 f5 39.Nd2 h3+ 40.Kf1 Kg7 41.Nb3 c5
42.Re2 Qxe2+ 0-1

[Event "Cto de Aragon  Equipos Cat Preferente"]
[Site "Aragon"]
[Date "2010.02.20"]
[Round "5.10"]
[White "Forcen Esteban Daniel"]
[Black "Carruez Berges Santiago"]
[Result "1-0"]
[WhiteElo "2267"]
[BlackElo "2120"]

1.e4 g6 2.Nc3 Bg7 3.d4 c6 4.Be3 d5 5.f3 dxe4 6.fxe4 Nf6 7.Nf3 O-O $1 8.a4 Ng4
9.Bg1 e5 10.d5 Bh6 11.Bc4 cxd5 12.Nxd5 Nc6 13.Bc5 Re8 14.h3 Nf6 15.Be7 Nxd5
16.Bxd8 Ne3 17.Qe2 Rxd8 18.c3 Bf4 19.Kf2 Nxc4 20.Qxc4 Be6 21.Qb5 Rd7 22.Rhd1
Rad8 23.Rxd7 Rxd7 24.g3 Bh6 25.b4 f6 26.Qe2 Bb3 27.Rb1 Bxa4 28.Qc4+ 1-0

[Event "Cto de Aragon  Equipos Cat Preferente"]
[Site "Aragon"]
[Date "2010.02.20"]
[Round "5.11"]
[White "Temprano L"]
[Black "Antolin Concha Diego"]
[Result "0-1"]
[WhiteElo "2087"]
[BlackElo "2191"]

1.e4 c5 2.Nf3 d6 3.d4 Nf6 4.Nc3 cxd4 5.Nxd4 a6 6.Be2 e5 7.Nb3 Nbd7 8.a4 b6 9.
O-O $1 Bb7 10.Bf3 Be7 11.g3 Rc8 12.Bg2 Rxc3 13.bxc3 Nxe4 14.Bb2 O-O $1 15.Qe2
Qa8 16.f3 Ng5 17.c4 a5 18.f4 Ne4 19.Nd2 Ndc5 20.fxe5 dxe5 21.Bxe5 Re8 22.Rae1
Bf8 23.Bd4 Bc6 24.Nxe4 Nxe4 25.Bxe4 Bxe4 26.Qf2 f5 27.Bxb6 Qc6 28.g4 Qg6 29.
Be3 Qxg4+ 30.Qg3 Qh5 31.c3 Re6 0-1

[Event "Cto de Aragon  Equipos Cat Preferente"]
[Site "Aragon"]
[Date "2010.02.20"]
[Round "5.12"]
[White "Glaria Murillo Christian"]
[Black "Tirapo Larcuen Ana"]
[Result "1-0"]
[WhiteElo "2181"]
[BlackElo "1887"]

1.e4 c5 2.Nc3 e6 3.f4 Nc6 4.Nf3 d6 5.g3 g6 6.Bg2 Bg7 7.d3 Nge7 8.O-O $1 O-O $1
9.Be3 Nd4 10.Bf2 Rb8 11.Qd2 b5 12.Nxd4 cxd4 13.Ne2 e5 14.c3 Qa5 15.fxe5 dxe5
16.b4 dxc3 17.Qxc3 Qa6 18.Bc5 Re8 19.Qd2 Bg4 20.Nc3 f6 21.Qe3 Qa3 22.Rac1 a5
23.bxa5 Qxa5 24.a3 Qa6 25.h3 Bd7 26.Rf2 Rbd8 27.Rcf1 Bc8 28.g4 b4 29.Bxb4 Rxd3
30.Qe2 Qc4 31.Na4 Nc6 32.Nb2 Qe6 33.Qxd3 Nxb4 34.axb4 Qb6 35.Kh1 Qxb4 36.Qc4+
Qxc4 37.Nxc4 Ba6 38.Rc1 Rc8 39.Bf1 Bb7 40.Re1 Rd8 41.Rd2 1-0

[Event "Cto de Aragon  Equipos Cat Preferente"]
[Site "Aragon"]
[Date "2010.02.20"]
[Round "5.13"]
[White "Lasanta Rica Cesar"]
[Black "Martinez Catalin Francisco Javier"]
[Result "1/2-1/2"]
[WhiteElo "2271"]
[BlackElo "2272"]

1.d4 f5 2.g3 Nf6 3.Bg2 e6 4.c4 Be7 5.Nc3 O-O 6.Nf3 d6 7.O-O a5 8.Re1 Ne4 9.Qc2
Nxc3 10.Qxc3 Nc6 11.e4 e5 12.dxe5 1/2-1/2

[Event "Cto de Aragon  Equipos Cat Preferente"]
[Site "Aragon"]
[Date "2010.02.20"]
[Round "5.14"]
[White "Valles Mata David"]
[Black "Garcia Ramon Ricardo"]
[Result "1-0"]
[WhiteElo "2150"]
[BlackElo "2084"]

1.e4 e5 2.Bc4 Nf6 3.d3 Be7 4.Nc3 O-O 5.f4 d6 6.Nf3 Bg4 7.h3 Bxf3 8.Qxf3 Nbd7
9.f5 Nb6 10.Bb3 Nfd7 11.a3 Nc5 12.Ba2 Nca4 13.O-O Nxc3 14.bxc3 Kh8 15.g4 Bg5
16.Bxg5 Qxg5 17.h4 Qxh4 18.Rf2 g6 19.f6 Nd7 20.Raf1 Qg5 21.Rh2 h5 22.Kh1 h4
23.Qf2 c6 24.Qxh4+ Qxh4 25.Rxh4+ Kg8 26.g5 Rfd8 27.Rf3 Kf8 28.Rh8# 1-0

[Event "Cto de Aragon  Equipos Cat Preferente"]
[Site "Aragon"]
[Date "2010.02.20"]
[Round "5.16"]
[White "Felez Casedas Carlos"]
[Black "Jimenez Fernandez Alejandro"]
[Result "1/2-1/2"]
[WhiteElo "1997"]
[BlackElo "2003"]

1.e4 c6 2.Nf3 d5 3.Nc3 Bg4 4.h3 Bxf3 5.Qxf3 e6 6.g3 Nf6 7.Bg2 d4 8.Nb1 e5 9.
O-O c5 10.a4 Nc6 11.d3 Be7 12.Qe2 a6 13.Nd2 b5 14.axb5 axb5 15.Rxa8 Qxa8 16.f4
O-O 17.Nf3 Nd7 18.f5 Qa2 19.g4 f6 20.h4 c4 21.g5 cxd3 22.cxd3 Qf7 23.Ne1 Nc5
24.Qg4 1/2-1/2

[Event "Cto de Aragon  Equipos Cat Preferente"]
[Site "Aragon"]
[Date "2010.02.20"]
[Round "5.17"]
[White "Llanes Luno Ricardo"]
[Black "Hinojar Basa Alfonso"]
[Result "1/2-1/2"]
[WhiteElo "2224"]
[BlackElo "2223"]

1.e4 e6 2.d4 d5 3.Nc3 Bb4 4.e5 Ne7 5.a3 Bxc3+ 6.bxc3 c5 7.Qg4 Qc7 8.Qxg7 Rg8
9.Qxh7 cxd4 10.Ne2 Nbc6 11.f4 Bd7 12.Qd3 dxc3 13.Qxc3 O-O-O 14.Rb1 Kb8 15.Rg1
Bc8 16.g4 b6 17.h4 Ba6 18.Rg3 Qc8 19.Bd2 d4 20.Qb3 Nd5 21.g5 Nce7 22.Nxd4 Bxf1
23.Kxf1 Nxf4 24.Qa4 Qc5 25.Nb5 Rxd2 26.Qxa7+ Kc8 27.Rc3 Rf2+ 28.Ke1 Ng2+ 29.
Kd1 Ne3+ 30.Ke1 Ng2+ 31.Kd1 Ne3+ 32.Ke1 1/2-1/2

[Event "Cto de Aragon  Equipos Cat Preferente"]
[Site "Aragon"]
[Date "2010.02.20"]
[Round "5.18"]
[White "Sebastian Bespin Ruben"]
[Black "Lamas Mercadal Manuel"]
[Result "1/2-1/2"]
[WhiteElo "2106"]
[BlackElo "2211"]

1.e4 c5 2.c3 Nf6 3.e5 Nd5 4.d4 cxd4 5.Bc4 Qc7 6.Qe2 Nb6 7.Bd3 Nc6 8.Nf3 d5 9.
exd6 Qxd6 10.Nxd4 Nxd4 11.cxd4 g6 12.Nc3 Bg7 13.Nb5 Qd8 14.Bf4 Nd5 15.Be5 O-O
16.O-O a6 17.Nc3 Be6 18.Rfe1 Bxe5 19.Qxe5 Nxc3 20.bxc3 Rc8 21.h4 Qc7 22.d5
Qxe5 23.Rxe5 Rxc3 24.Be4 Rc5 25.f4 Bf5 26.Bxf5 gxf5 27.Rxe7 Rxd5 28.Rxb7 Re8
29.Rb2 Re4 30.Rf1 Ra5 31.Kh2 Rea4 32.Rff2 Kg7 33.Kh3 Ra3+ 34.g3 Rd3 35.Rb6
Raa3 36.Rg2 Rd4 37.Kh2 Rda4 1/2-1/2

[Event "Cto de Aragon  Equipos Cat Preferente"]
[Site "Aragon"]
[Date "2010.02.20"]
[Round "5.19"]
[White "Naya Sancho Jose Ignacio"]
[Black "Sancho Cortes Miguel Angel"]
[Result "1-0"]
[WhiteElo "2069"]
[BlackElo "2082"]

1.Nf3 f5 2.g3 Nf6 3.Bg2 d6 4.c4 g6 5.Nc3 Bg7 6.O-O O-O 7.Rb1 e5 8.d3 c6 9.b4
Nbd7 10.Nd2 g5 11.b5 c5 12.Bb2 Rf7 13.Nd5 Nf8 14.Nxf6+ Rxf6 15.e3 f4 16.d4
fxe3 17.fxe3 exd4 18.exd4 Rxf1+ 19.Nxf1 Qc7 20.Ne3 Be6 21.Nd5 Qf7 22.Qd2 Qh5
23.Re1 Rb8 24.dxc5 dxc5 25.Nf6+ Bxf6 26.Bxf6 Qg4 27.Ba1 Bf7 28.Qd6 Qf5 29.Qxb8
1-0

[Event "Cto de Aragon  Equipos Cat Preferente"]
[Site "Aragon"]
[Date "2010.02.20"]
[Round "5.20"]
[White "De Pablo Zuniga Hector Luis"]
[Black "Roche Simon Miguel Angel"]
[Result "0-1"]
[WhiteElo "1687"]
[BlackElo "2052"]

1.e4 c5 2.Nf3 Nc6 3.d4 cxd4 4.Nxd4 Nf6 5.Nc3 e6 6.Be3 Bb4 7.f3 d5 8.exd5 Nxd5
9.Nxc6 bxc6 10.Bd2 Nxc3 11.Bxc3 Bxc3+ 12.bxc3 Qa5 13.Qd4 O-O 14.Bd3 Ba6 15.
Bxa6 Qxa6 16.Qd3 Qb6 17.Ke2 Rad8 18.Qe3 Qa6+ 19.Kf2 Rd5 20.Rhe1 Rfd8 21.Qe4
Qb6+ 22.Qe3 Rd2+ 23.Re2 Rxe2+ 24.Kxe2 Qb2 25.Rd1 Qxc2+ 26.Rd2 Rxd2+ 27.Qxd2
Qxd2+ 28.Kxd2 Kf8 29.c4 e5 30.Kc3 Ke7 31.Kb4 Kd6 32.a4 f5 33.Ka5 e4 0-1

[Event "Cto de Aragon  Equipos Cat Preferente"]
[Site "Aragon"]
[Date "2010.02.20"]
[Round "5.21"]
[White "Guzman Moneo Alberto"]
[Black "Villuendas Valero Adrian"]
[Result "0-1"]
[WhiteElo "2215"]
[BlackElo "2184"]

1.Nf3 d5 2.g3 Nf6 3.Bg2 c6 4.d3 Bf5 5.O-O e6 6.Nbd2 h6 7.Qe1 Be7 8.e4 Bh7 9.
Qe2 O-O 10.Kh1 dxe4 11.dxe4 Nbd7 12.a3 Nc5 13.Rd1 Qc7 14.Ne1 e5 15.Nd3 Ne6 16.
c3 b5 17.Nf1 Rfd8 18.f3 Nd7 19.Be3 Ndc5 20.Nf2 Nb3 21.Rab1 a5 22.h4 Nec5 23.
Qc2 Rxd1 24.Rxd1 Rd8 25.Ng4 Rxd1 26.Qxd1 Qd6 27.Qc2 Qd3 28.Qf2 f6 29.Nfh2 Qd1+
30.Nf1 Nd3 31.Qg1 Nxb2 32.Bxh6 gxh6 33.Qa7 Qd8 34.Nfe3 Kg7 35.h5 Nc4 36.Nxc4
bxc4 37.Ne3 Nc5 38.Nxc4 Bg8 39.Nxa5 Qd7 40.Qa8 Ne6 41.Nxc6 Bc5 42.Kh2 Bf7 43.
Nb4 Qd1 44.Qb7 Qg1+ 45.Kh3 Ng5+ 46.Kg4 Qxg2 47.f4 Qh3# 0-1

[Event "Cto de Aragon  Equipos Cat Preferente"]
[Site "Aragon"]
[Date "2010.02.20"]
[Round "5.22"]
[White "Cantin Zaborras Valentin"]
[Black "Navarro Alonso Jorge Luis"]
[Result "0-1"]
[WhiteElo "2117"]
[BlackElo "2204"]

1.e4 c5 2.Nf3 e6 3.b3 d5 4.exd5 exd5 5.Bb5+ Bd7 6.Bxd7+ Nxd7 7.O-O Be7 8.Re1
Ngf6 9.Qe2 Rc8 10.Ba3 Rc6 11.Nd4 cxd4 12.Bxe7 Qc8 13.Qd3 Re6 14.Rxe6 fxe6 15.
Bxf6 Nxf6 16.Qxd4 Qxc2 17.Nc3 O-O 18.Re1 e5 19.Qxe5 Re8 0-1

[Event "Cto de Aragon  Equipos Cat Preferente"]
[Site "Aragon"]
[Date "2010.02.20"]
[Round "5.23"]
[White "Cerrajeria Ruiz Jesus Maria"]
[Black "Valiente Roy Jose Javier"]
[Result "1/2-1/2"]
[WhiteElo "2100"]
[BlackElo "2060"]

1.e4 Nf6 2.e5 Nd5 3.Bc4 Nb6 4.Bb3 Nc6 5.d4 e6 6.Qg4 h5 7.Qg3 Nxd4 8.Bg5 Nf5 9.
Bxd8 Nxg3 10.hxg3 Kxd8 11.g4 g6 12.Nf3 Bg7 13.gxh5 Rxh5 14.Rxh5 gxh5 15.Nbd2
d6 16.O-O-O Ke7 17.exd6+ cxd6 18.Rh1 Bd7 19.Rxh5 Rh8 20.Rxh8 Bxh8 21.c3 d5 22.
Ne1 e5 23.Bd1 f5 24.Be2 Kd6 25.g3 Bf6 26.f4 Na4 27.Ndf3 Nc5 28.fxe5+ Bxe5 29.
Nxe5 Kxe5 30.Nd3+ Nxd3+ 31.Bxd3 f4 32.gxf4+ Kxf4 33.Kd2 Ke5 34.Ke3 Be6 35.Bg6
Bd7 36.Bf7 Bc6 37.b4 Bd7 38.Bg6 Ba4 39.Bd3 Bd7 40.Be2 Be8 41.Bg4 b6 42.Bd1 Bb5
43.a3 Bd7 44.Bc2 Bc6 45.Bg6 Bd7 46.Bh5 Bb5 47.Bg4 Be8 48.Be2 Bd7 1/2-1/2

[Event "Cto de Aragon  Equipos Cat Preferente"]
[Site "Aragon"]
[Date "2010.02.20"]
[Round "5.24"]
[White "Colom Sienes Eduardo"]
[Black "Montes Santos Lorenzo"]
[Result "1-0"]
[WhiteElo "1984"]
[BlackElo "2069"]

1.e4 c5 2.Nf3 g6 3.d4 Bg7 4.Nc3 cxd4 5.Nxd4 Nc6 6.Be3 Nf6 7.Bc4 O-O 8.Bb3 a6
9.O-O d6 10.h3 Bd7 11.f4 Rc8 12.a4 Na5 13.e5 dxe5 14.fxe5 Nh5 15.e6 fxe6 16.
Nxe6 Rxf1+ 17.Qxf1 Bxe6 18.Bxe6+ Kh8 19.Bxc8 Qxc8 20.Rd1 Nc6 21.Nd5 Qe6 22.Qf2
h6 23.Nf4 Nxf4 24.Qxf4 Kh7 25.c3 g5 26.Qf3 Bf6 27.Bc5 Kg6 28.Qd3+ Kg7 29.Rf1
Qb3 30.Qf5 Qc4 31.h4 gxh4 32.Rf4 Qe2 33.Rg4+ Bg5 34.Re4 Qxb2 35.Re6 Qc1+ 36.
Kh2 Bf4+ 37.Kh3 Qxc3+ 38.Be3 Qxe3+ 39.Rxe3 Bxe3 40.Kxh4 Bg5+ 41.Kg4 Bf6 42.Qc8
Ne5+ 43.Kf5 b5 44.a5 Nc4 45.Qxa6 Ne3+ 46.Ke4 Nxg2 47.Qxb5 1-0

[Event "Cto de Aragon  Equipos Cat Preferente"]
[Site "Aragon"]
[Date "2010.02.20"]
[Round "5.25"]
[White "Gavin Roche Enrique"]
[Black "Guetas Sanchez Hugo"]
[Result "1-0"]
[WhiteElo "2261"]
[BlackElo "2159"]

1.d4 Nf6 2.c4 Nc6 3.Nf3 e6 4.Nc3 Bb4 5.Bd2 O-O 6.a3 Bxc3 7.Bxc3 d6 8.b4 Ne4 9.
Bb2 e5 10.dxe5 Re8 11.b5 Na5 12.Qd4 Bf5 13.exd6 Nf6 14.Qc5 Bd3 15.dxc7 Qc8 16.
Nd2 b6 17.Qd4 Bf5 18.g4 Bxg4 19.Rg1 Qf5 20.f3 Nb3 21.Nxb3 Qxf3 22.O-O-O Qxb3
23.Rxg4 1-0